Largest Cities in the -Stan Countries with an SVG Map - Statistics

General Stats
  • This quiz has been taken 149 times
  • The average score is 15 of 35
Answers on the Map
Answers color-coded by a green-red scale on the quiz's map according to % correct below.
 
Answer Stats
Country Population City % Correct
Afghanistan 3,043,532 Kabul
96%
Kazakhstan 1,136,000 Nur-Sultan
96%
Kyrgyzstan 75,700 Jalal-Abad
94%
Uzbekistan 1,978,028 Tashkent
92%
Kyrgyzstan ~900,000 Bishkek
89%
Pakistan 11,624,219 Karachi
89%
Turkmenistan 727,700 Ashgabat
88%
Pakistan 6,310,888 Lahore
86%
Kazakhstan 2,000,900 Almaty
81%
Tajikistan 679,400 Dushanbe
77%
Uzbekistan 319,366 Samarkand
60%
Pakistan 2,506,595 Faisalabad
53%
Pakistan 1,743,101 Rawalpindi
52%
Afghanistan 391,190 Kandahar
50%
Afghanistan 272,806 Herat
46%
Kyrgyzstan ~200,000 Osh
39%
Uzbekistan 247,644 Bukhara
32%
Kazakhstan 1,042,000 Shymkent
32%
Pakistan 1,437,230 Multan
29%
Afghanistan 200,331 Jalalabad
25%
Turkmenistan 114,680 Mary
25%
Afghanistan 303,282 Mazar-e Sharif
25%
Turkmenistan 234,817 Turkmenabat
19%
Uzbekistan 432,456 Namangan
13%
Tajikistan 144,865 Khujand
11%
Turkmenistan 87,822 Balkanabat
10%
Kazakhstan 451,800 Karagandy
10%
Kyrgyzstan 70,171 Karakol
10%
Turkmenistan 166,500 Dasoguz
8%
Kazakhstan 358,153 Taraz
8%
Uzbekistan 318,419 Andijon
6%
Tajikistan 78,786 Kulob
6%
Tajikistan 52,851 Istaravshan
5%
Kyrgyzstan 63,047 Tokmok
5%
Tajikistan 65,000 Qurghonteppa
4%
No matching quizzes found
Score Distribution
Percent of People with Each Score
Percentile by Number Answered
Your Score History
You have not taken this quiz